000 01274cam a22003495a 4500
001 15109184
005 20201128020850.0
008 071211s2010 njuad f b 001 0 eng d
010 _a2007282452
020 _a9780470418918
040 _aDLC
_cDLC
_dDLC
_dEG-ScBUE
050 0 0 _aHF5635
_b.K5 2010
082 0 4 _222
_a657.044
_bKIE
100 1 _aKieso, Donald E.
_99035
245 1 0 _aIntermediate Accounting /
_cDonald E. Kieso, Jerry J. Weygandt, Terry D. Warfield.
250 _a13th ed.
260 _aHoboken, NJ :
_bWiley,
_c2010.
300 _axi, 20 I, 1379 p. :
_bill ;
_c29 cm.
500 _aincludes index .
590 _aMUSTAFA GALAL
650 0 _aAccounting.
_99036
_2BUEsh
651 _2BUEsh
653 _bBUSECO
_cAugust2015
655 _vtext book
_933728
700 1 _aWeygandt, Jerry J.
_91078
700 1 _aWarfield, Terry D.
_99037
856 4 2 _3Contributor biographical information
_uhttp://www.loc.gov/catdir/enhancements/fy0814/2007282452-b.html
856 4 2 _3Publisher description
_uhttp://www.loc.gov/catdir/enhancements/fy0814/2007282452-d.html
856 4 1 _3Table of contents only
_uhttp://www.loc.gov/catdir/enhancements/fy0814/2007282452-t.html
942 _2ddc
_cBB
999 _c14799
_d14799